| 000 | 01243cam a2200277 i 4500 | ||
|---|---|---|---|
| 003 | SA-RiAUC | ||
| 005 | 20241103145041.0 | ||
| 008 | 241102q19001999ua g 000 0 ara c | ||
| 040 |
_aSA-JeALM _bara _cSA-RiAUC _erda |
||
| 082 | 0 | 4 | _a213 |
| 090 |
_a213 _b ك د ي |
||
| 100 | 1 |
_aالكديري، إحسان محمد دحلان الجمفسي، _d1901-1952 _eمؤلف. |
|
| 245 | 1 | 0 |
_aسراج الطالبين على منهاج العابدين إلى جنة رب العالمين للغزالي / _cشرح إحسان محمد دحلان الجمفسي الكديري. |
| 264 | 1 |
_a( د . م ): _bدار الفكر، _c[بين 1900 و1999] |
|
| 300 |
_a2 مجلد ؛ _c29 سم |
||
| 336 |
_aنص _btxt _2rdacontent _3كتاب |
||
| 337 |
_aبدون وسيط _bn _2rdamedia |
||
| 338 |
_aمجلد _bnc _2rdacarrier |
||
| 650 | 7 |
_aالوعظ والإرشاد _2aucsh |
|
| 650 | 7 |
_aالآداب الإسلامية _2aucsh |
|
| 650 | 7 |
_aالدعوة الإسلامية _2aucsh |
|
| 700 | 1 | 2 |
_aالغزالي، محمد بن محمد بن محمد، _cحجة الإسلام، _d450-505 هجري |
| 740 | 0 | 2 | _aمنهاج العابدين إلى جنة رب العالمين. |
| 942 |
_2ddc _cBOOK _n0 |
||
| 949 |
_aSA-JeALM _d241102 _umohamedma123 _n1 |
||
| 999 |
_c2015 _d2015 |
||